[Event "34th WCh U20 Girls"]
[Site "Bhubaneswar IND"]
[Date "2016.08.20"]
[Round "12.6"]
[White "Mahalakshmi, Muganda Kumar"]
[Black "Vaishali, Ramesh Babu"]
[Result "1/2-1/2"]
[WhiteElo "2101"]
[BlackElo "2284"]
[EventDate "2016.08.08"]
[PlyCount "116"]

1.Nf3 d5 2.g3 g6 3.Bg2 Bg7 4.d4 Nf6 5.O-O O-O 6.b3 c5 7.Bb2 Ne4 8.e3 Nc6 
9.Nbd2 Qa5 10.Nxe4 dxe4 11.Ne5 Nxe5 12.dxe5 Rd8 13.Qe1 Qc7 14.Bxe4 Bh3 15.
Bg2 Bxg2 16.Kxg2 Bxe5 17.Bxe5 Qxe5 18.Qe2 Rd6 19.Rad1 Rad8 20.Kg1 b6 21.
Rd3 Rxd3 22.cxd3 Qc3 23.Rd1 Kg7 24.d4 cxd4 25.Rxd4 Rxd4 26.exd4 Qc1+ 27.
Kg2 Qc6+ 28.Kg1 Qc1+ 29.Kg2 Qc6+ 30.Kg1 e6 31.Qe5+ f6 32.Qb8 Qc1+ 33.Kg2 
Qc6+ 34.Kg1 Qd7 35.h4 b5 36.Qf4 h5 37.Qb8 a5 38.Qb6 a4 39.bxa4 bxa4 40.Qb4
g5 41.hxg5 fxg5 42.a3 Kg6 43.Qb1+ Kf6 44.Qd1 Qc6 45.Qxh5 Qc1+ 46.Kg2 Qxa3 
47.Qh6+ Kf7 48.Qh5+ Kf8 49.Qh6+ Ke7 50.Qxg5+ Kd7 51.Qb5+ Kc7 52.Qe5+ Kd7 
53.Qb5+ Kd8 54.Qb8+ Ke7 55.Qc7+ Ke8 56.Qb8+ Kf7 57.Qf4+ Ke8 58.Qb8+ Kd7 
1/2-1/2

[Event "34th WCh U20 Girls"]
[Site "Bhubaneswar IND"]
[Date "2016.08.20"]
[Round "12.7"]
[White "Tokhiryonova, Gulrukhbegim"]
[Black "Gu Tianlu"]
[Result "1/2-1/2"]
[WhiteElo "2328"]
[BlackElo "2239"]
[EventDate "2016.08.08"]
[PlyCount "105"]

1.e4 e5 2.Nf3 Nc6 3.Bb5 a6 4.Ba4 Nf6 5.d3 b5 6.Bb3 Bc5 7.Nc3 d6 8.Nd5 h6 
9.c3 Rb8 10.O-O O-O 11.h3 Nxd5 12.Bxd5 Ne7 13.Bb3 Ng6 14.d4 Bb6 15.a4 Qf6 
16.a5 Ba7 17.Be3 c5 18.dxe5 dxe5 19.Bd5 Qe7 20.b3 Bb7 21.c4 b4 22.Ne1 Kh7 
23.Nd3 Rbc8 24.Qc2 Qd7 25.Rad1 Bxd5 26.cxd5 f5 27.exf5 Qxf5 28.Nxb4 cxb4 
29.Qxf5 Rxf5 30.Bxa7 Rf7 31.Bb6 Rc3 32.d6 Rd7 33.Bc7 Nf4 34.Rfe1 Kg6 35.
Kh2 Kf6 36.Re4 Rxb3 37.Rc4 Rb2 38.Bb6 Ke6 39.Rc6 b3 40.Be3 Nd5 41.Rxa6 Ra2
42.Rb1 b2 43.Rc6 Nb4 44.Rc3 Rxd6 45.Bc5 Nd5 46.Ra3 Rxa3 47.Bxa3 Ra6 48.
Rxb2 Rxa5 49.Bf8 Kf7 50.Bd6 Ke6 51.Bf8 Kf7 52.Bd6 Ke6 53.Bf8 1/2-1/2

[Event "34th WCh U20 Girls"]
[Site "Bhubaneswar IND"]
[Date "2016.08.20"]
[Round "12.8"]
[White "Du Yuxin"]
[Black "Injac, Teodora"]
[Result "1/2-1/2"]
[WhiteElo "1957"]
[BlackElo "2252"]
[EventDate "2016.08.08"]
[PlyCount "120"]

1.e4 e6 2.d4 d5 3.Nd2 c5 4.exd5 exd5 5.Ngf3 a6 6.dxc5 Bxc5 7.Nb3 Bb6 8.Bd3
Qe7+ 9.Qe2 Nc6 10.c3 Bg4 11.Qxe7+ Ngxe7 12.Nbd4 Nxd4 13.Nxd4 Bxd4 14.cxd4 
Bf5 15.Kd2 Kd7 16.Re1 Bxd3 17.Kxd3 Nc6 18.Bd2 Rae8 19.Rxe8 Rxe8 20.Re1 
Rxe1 21.Bxe1 h5 22.h3 Ke6 23.g4 Kf6 24.Bd2 Kg6 25.f3 Nd8 26.Ke2 Ne6 27.Be3
f5 28.Kf1 b5 29.Kg2 f4 30.Bf2 a5 31.Be1 b4 32.a3 bxa3 33.bxa3 a4 34.Bc3 
Kg5 35.Bb2 Nc7 36.Bc3 Nb5 37.Bb2 Kh4 38.Kh2 Kg5 39.Kg2 Nd6 40.Bc1 Nc4 41.
Kf2 Kh4 42.Kg2 g6 43.Bxf4 Nxa3 44.Bd6 Nc4 45.Be7+ g5 46.Bb4 hxg4 47.fxg4 
Ne3+ 48.Kh2 Nxg4+ 49.hxg4 Kxg4 50.Kg2 Kf4 51.Bc5 Kg4 52.Bd6 Kh4 53.Be7 Kg4
54.Bd6 Kf5 55.Kf3 g4+ 56.Kg3 Ke4 57.Bc5 Kf5 58.Be7 Ke4 59.Bc5 a3 60.Bxa3 
Kxd4 1/2-1/2

[Event "34th WCh U20 Girls"]
[Site "Bhubaneswar IND"]
[Date "2016.08.20"]
[Round "12.9"]
[White "Ivanova, Karina"]
[Black "Bala Kannamma, P."]
[Result "1/2-1/2"]
[WhiteElo "2129"]
[BlackElo "2039"]
[EventDate "2016.08.08"]
[PlyCount "132"]

1.e4 c5 2.Nf3 e6 3.d4 cxd4 4.Nxd4 a6 5.Bd3 Nc6 6.Nxc6 dxc6 7.Nd2 Qc7 8.O-O
Nf6 9.f4 Bc5+ 10.Kh1 e5 11.Nc4 Ng4 12.fxe5 O-O 13.Bf4 Nf2+ 14.Rxf2 Bxf2 
15.Qf3 Bc5 16.Qg3 Qd7 17.Be2 Qe6 18.Rd1 Qg6 19.Qh4 Be6 20.Nd6 Bxd6 21.exd6
Rad8 22.c4 Qxe4 23.Bd3 Rxd6 24.Qxh7+ Qxh7 25.Bxh7+ Kxh7 26.Bxd6 Re8 27.Re1
Rd8 28.c5 Bxa2 29.h3 b5 30.b4 Ra8 31.Bc7 Ra7 32.Bb8 Rb7 33.Bd6 Be6 34.Ra1 
Ra7 35.Bb8 Ra8 36.Bc7 Bd5 37.Re1 Kg6 38.Kh2 Ra7 39.Bb6 Rd7 40.Re8 Kf5 41.
Kg3 Be4 42.Rd8 Re7 43.Rd4 Ke5 44.Rd2 f5 45.Bd8 Rf7 46.Bh4 Bd5 47.Bg5 Ke4 
48.Bd8 f4+ 49.Kh4 f3 50.gxf3+ Rxf3 51.Rg2 Be6 52.Rxg7 Rxh3+ 53.Kg5 Rf3 54.
Ra7 Rf5+ 55.Kg6 Rf8 56.Ba5 Ke5 57.Bc7+ Kd4 58.Rxa6 Bd5 59.Ra1 Kc4 60.Ba5 
Rf2 61.Rc1+ Kb3 62.Kg5 Kb2 63.Rg1 Rf3 64.Rg4 Rc3 65.Kf6 Rc4 66.Rg3 Rc3 
1/2-1/2

[Event "34th WCh U20 Girls"]
[Site "Bhubaneswar IND"]
[Date "2016.08.20"]
[Round "12.10"]
[White "Soyunlu, Narmin"]
[Black "Stiazhkina, Anna"]
[Result "0-1"]
[WhiteElo "2074"]
[BlackElo "2315"]
[EventDate "2016.08.08"]
[PlyCount "92"]

1.Nf3 d5 2.c4 c6 3.g3 Bg4 4.Qb3 Qb6 5.Ne5 Qxb3 6.axb3 Be6 7.d3 f6 8.Nf3 
Bf7 9.Nc3 a6 10.Bg2 Nd7 11.O-O e5 12.Nd2 d4 13.Nce4 f5 14.Ng5 Ngf6 15.Nxf7
Kxf7 16.Nf3 Bd6 17.Bd2 Nc5 18.Ra3 Rhe8 19.b4 Ne6 20.Nh4 g6 21.Rd1 Rad8 22.
Be1 Re7 23.Nf3 Kg7 24.Ra4 Red7 25.Nd2 Be7 26.f3 Ne8 27.Nb3 N8c7 28.Rc1 h5 
29.Na5 Ne8 30.Nb3 h4 31.Ra5 Bd6 32.Rc2 Bc7 33.Ra1 Nf6 34.Nd2 Rh8 35.Rac1 
g5 36.Nb3 h3 37.Bf1 g4 38.Nd2 Rf8 39.Bf2 Bd6 40.c5 Bc7 41.Rc4 Nd5 42.Ra1 
Rdf7 43.Rb1 Bd8 44.Ra1 Bg5 45.Rd1 Be3 46.Rc2 Bxf2+ 0-1

[Event "34th WCh U20 Girls"]
[Site "Bhubaneswar IND"]
[Date "2016.08.20"]
[Round "12.11"]
[White "Salonika, Saina"]
[Black "Alinasab, Mobina"]
[Result "1/2-1/2"]
[WhiteElo "2131"]
[BlackElo "2199"]
[EventDate "2016.08.08"]
[PlyCount "111"]

1.e4 e6 2.d4 d5 3.Bd3 c5 4.exd5 exd5 5.dxc5 Nf6 6.Nf3 Bxc5 7.O-O O-O 8.Nc3
Nc6 9.Bg5 Be6 10.Qd2 Re8 11.h3 a6 12.Rad1 Be7 13.Rfe1 Qa5 14.a3 Rad8 15.
Qc1 Qc7 16.Bf4 Bd6 17.Bg5 Be7 18.Bf4 Qc8 19.Ne2 Bf5 20.Ng3 Bxd3 21.Rxd3 
Bc5 22.Bg5 Rxe1+ 23.Nxe1 Qe6 24.Nf3 Rd7 25.Bxf6 Qxf6 26.c4 d4 27.Ne4 Qf5 
28.Nxc5 Qxc5 29.b4 Qf5 30.Qd1 h6 31.a4 Nxb4 32.Rxd4 Rxd4 33.Qxd4 Qb1+ 34.
Kh2 Nc6 35.Qd7 g6 36.Qe8+ Kg7 37.Ne5 Nxe5 38.Qxe5+ Kh7 39.Qf6 Kg8 40.Qd8+ 
Kh7 41.Qf6 Kg8 42.Qd8+ Kg7 43.Qd4+ Kg8 44.Qd8+ Kh7 45.Qf6 Qf5 46.Qxf5 gxf5
47.Kg3 Kg6 48.Kf4 Kf6 49.a5 Ke6 50.h4 Kf6 51.h5 Ke6 52.Ke3 Ke5 53.f4+ Ke6 
54.Kd4 Kd6 55.c5+ Kc6 56.Kc4 1/2-1/2

[Event "34th WCh U20 Girls"]
[Site "Bhubaneswar IND"]
[Date "2016.08.20"]
[Round "12.12"]
[White "Harshita, Guddanti"]
[Black "Varshini, Velavan"]
[Result "1/2-1/2"]
[WhiteElo "2180"]
[BlackElo "2129"]
[EventDate "2016.08.08"]
[PlyCount "202"]

1.e4 c5 2.Nf3 d6 3.d4 cxd4 4.Nxd4 Nf6 5.Nc3 a6 6.h3 e6 7.g4 d5 8.Nde2 Nxe4
9.Nxe4 dxe4 10.Qxd8+ Kxd8 11.Be3 Bb4+ 12.c3 Be7 13.O-O-O+ Ke8 14.Bg2 f5 
15.gxf5 exf5 16.Nf4 Nc6 17.Nd5 Bd8 18.f3 exf3 19.Bxf3 Kf7 20.Nf4 Re8 21.
Bd5+ Kf8 22.Rhe1 Rxe3 23.Rxe3 Bg5 24.Bxc6 Bxf4 25.Rd8+ Kf7 26.Bd5+ Kg6 27.
Kd2 Bxe3+ 28.Kxe3 Kf6 29.Re8 g5 30.Kf2 h5 31.h4 gxh4 32.Be6 Bxe6 33.Rxa8 
Bxa2 34.Rd8 Bb1 35.Kg2 f4 36.Kf3 Kg5 37.Rd5+ Bf5 38.c4 h3 39.c5 h2 40.Kg2 
f3+ 41.Kxh2 Kf4 42.Kg1 Ke4 43.Rd1 Ke3 44.Re1+ Kd4 45.Kf2 Be4 46.b4 Bc6 47.
Rc1 Kd3 48.Rh1 Kc3 49.Rh4 Ba4 50.Kxf3 Bd1+ 51.Ke3 Bg4 52.Rh1 Kxb4 53.Kd4 
Bf3 54.Rb1+ Ka5 55.Rb3 Bc6 56.Rh3 Be8 57.Rh1 Kb5 58.Rb1+ Kc6 59.Rb6+ Kc7 
60.Rh6 a5 61.Kc4 a4 62.Kb4 Bc6 63.Rxh5 Kd7 64.Rh6 Kc7 65.Rh3 Kd7 66.Ka5 
Ke6 67.Rd3 Ke5 68.Kb4 Ke4 69.Rd6 Ke5 70.Rd1 Ke4 71.Kc4 Ke3 72.Kb4 Ke4 73.
Rd8 Ke5 74.Kc4 Ke4 75.Rd1 Ke3 76.Kc3 Ke4 77.Rd6 Ke5 78.Kc4 Ke4 79.Re6+ Kf5
80.Re1 Kf4 81.Re7 Kf3 82.Kb4 Kf4 83.Re1 Kf5 84.Kc4 Kf4 85.Kd3 Bb5+ 86.Kd2 
Bc6 87.Kc3 Kf3 88.Kd4 Kf2 89.Re7 Kf3 90.Kc3 Kf4 91.Kd3 Kf5 92.Kd4 Kf6 93.
Re3 Kf5 94.Re1 Kf6 95.Re2 Kf5 96.Rh2 Ke6 97.Rh6+ Kf5 98.Rd6 Bg2 99.Rd8 Bc6
100.Ra8 Ke6 101.Ra5 Kf5 1/2-1/2

[Event "34th WCh U20 Girls"]
[Site "Bhubaneswar IND"]
[Date "2016.08.20"]
[Round "12.13"]
[White "Kiolbasa, Oliwia"]
[Black "Priyanka, K."]
[Result "0-1"]
[WhiteElo "2319"]
[BlackElo "2048"]
[EventDate "2016.08.08"]
[PlyCount "88"]

1.e4 c5 2.Nf3 d6 3.d4 cxd4 4.Nxd4 Nf6 5.Nc3 a6 6.f4 e5 7.Nf3 Nbd7 8.a4 Be7
9.Bd3 b6 10.O-O Bb7 11.Kh1 Qc7 12.Qe2 O-O 13.Nh4 Rfe8 14.Nf5 Bf8 15.fxe5 
Nxe5 16.Nh6+ Kh8 17.Rxf6 gxf6 18.Be3 Bxh6 19.Bxh6 Rg8 20.Rf1 Rg6 21.Be3 
Rag8 22.g3 Qc8 23.Nd5 Bxd5 24.exd5 Nxd3 25.cxd3 Re8 26.Qf2 Qg4 27.Rc1 Qh5 
28.Bd4 Kg7 29.Rc2 Qxd5+ 30.Kg1 b5 31.a5 Re6 32.h3 Rg5 33.g4 h5 34.Qf4 Rg6 
35.Kh2 Qg5 36.Qxg5 Rxg5 37.gxh5 Rxh5 38.Bc3 Re3 39.Rg2+ Kf8 40.Rg3 Rxg3 
41.Kxg3 Kg7 42.h4 Kg6 43.Kg4 Rd5 44.d4 b4 0-1

[Event "34th WCh U20 Girls"]
[Site "Bhubaneswar IND"]
[Date "2016.08.20"]
[Round "12.14"]
[White "Gomez Barrera, Javiera Belen"]
[Black "Priyanka, Nutakki"]
[Result "1-0"]
[WhiteElo "2055"]
[BlackElo "2234"]
[EventDate "2016.08.08"]
[PlyCount "63"]

1.e4 e6 2.d4 d5 3.Nc3 Bb4 4.e5 c5 5.a3 Bxc3+ 6.bxc3 Ne7 7.Qg4 Qc7 8.Qxg7 
Rg8 9.Qxh7 cxd4 10.Ne2 Nbc6 11.f4 dxc3 12.h4 Bd7 13.h5 O-O-O 14.Qd3 d4 15.
Rb1 Nf5 16.Rg1 f6 17.g4 Nh6 18.exf6 Rxg4 19.Rxg4 Nxg4 20.Nxd4 Na5 21.f7 e5
22.Nb5 Bxb5 23.Qxb5 Qe7 24.Ke2 exf4+ 25.Kf3 Ne5+ 26.Qxe5 Qxe5 27.Bh3+ Kc7 
28.Bxf4 Nc6 29.Re1 Kd6 30.Rxe5 Nxe5+ 31.Ke4 Ke7 32.Bg5+ 1-0

[Event "34th WCh U20 Girls"]
[Site "Bhubaneswar IND"]
[Date "2016.08.20"]
[Round "12.17"]
[White "Mendoza, Shania Mae"]
[Black "Monnisha, Gajendra Babu Kannaiyan"]
[Result "0-1"]
[WhiteElo "2191"]
[BlackElo "2101"]
[EventDate "2016.08.08"]
[PlyCount "108"]

1.d4 Nf6 2.c4 e6 3.Nc3 Bb4 4.Qc2 d5 5.cxd5 exd5 6.Bg5 c5 7.dxc5 h6 8.Bh4 
g5 9.Bg3 Ne4 10.Bxb8 Qf6 11.Nf3 Bxc3+ 12.bxc3 Rxb8 13.e3 Nxc5 14.Bd3 Bd7 
15.O-O Rc8 16.Rac1 a6 17.Rfe1 O-O 18.Nd4 b5 19.Red1 Rc7 20.Qd2 Rfc8 21.Bb1
Na4 22.Ne2 Be6 23.Qd4 Qg7 24.h3 Nxc3 25.Nxc3 Qxd4 26.Rxd4 Rxc3 27.Rcd1 Ra3
28.Kh2 Rc4 29.R4d2 Kg7 30.Bd3 b4 31.Be2 a5 32.Kg3 Rc5 33.Bf3 Kg6 34.Rb1 h5
35.Kh2 Rac3 36.Bd1 h4 37.Bb3 Kf6 38.Rbb2 Rc1 39.Bd1 Ra1 40.Bc2 Bf5 41.Bxf5
Kxf5 42.g4+ Ke5 43.Kg2 Rcc1 44.Kf3 Rab1 45.Rxb1 Rxb1 46.Rc2 a4 47.Rc7 Rb2 
48.Rb7 Ke6 49.Kg2 Kd6 50.Kf3 Kc5 51.Rxf7 Rxa2 52.Rf5 b3 53.e4 b2 54.Rxd5+ 
Kc6 0-1

[Event "34th WCh U20 Girls"]
[Site "Bhubaneswar IND"]
[Date "2016.08.20"]
[Round "12.16"]
[White "Chandreyee, Hajra"]
[Black "Srija, Seshadri"]
[Result "1-0"]
[WhiteElo "1931"]
[BlackElo "2102"]
[EventDate "2016.08.08"]
[PlyCount "143"]

1.e4 e5 2.Nf3 Nc6 3.Nc3 Nf6 4.d4 exd4 5.Nxd4 Bb4 6.Nxc6 bxc6 7.Bd3 d5 8.
exd5 cxd5 9.O-O O-O 10.h3 Rb8 11.Qf3 h6 12.Bf4 Bb7 13.Be5 Bxc3 14.bxc3 Nd7
15.Bf4 Nf6 16.Rab1 Re8 17.Rfd1 Re6 18.c4 Ba8 19.Rxb8 Qxb8 20.Bf5 d4 21.Qd3
Be4 22.Bxe4 Rxe4 23.Qg3 Kh8 24.Bxc7 Qb4 25.Qd3 Re1+ 26.Rxe1 Qxe1+ 27.Kh2 
Ne4 28.Qxd4 Nd2 29.h4 Kh7 30.Bf4 Nf1+ 31.Kh3 f5 32.Qd3 Qxf2 33.Qxf5+ Kh8 
34.Qf8+ Kh7 35.Qf5+ Kh8 36.Qe4 Nd2 37.Bxd2 Qxd2 38.Qd3 Qe1 39.g3 Qh1+ 40.
Kg4 Qc6 41.Qd8+ Kh7 42.Qd3+ Kh8 43.Kf4 Qg2 44.Qf3 Qd2+ 45.Ke5 Qa5+ 46.Kd6 
Qd8+ 47.Ke5 Qa5+ 48.Kd4 Qxa2 49.c5 Qa4+ 50.c4 Qd7+ 51.Kc3 Qa4 52.Qa8+ Kh7 
53.Qe4+ Kh8 54.c6 Qa3+ 55.Kd4 Qxg3 56.Kd5 Qc7 57.Qe8+ Kh7 58.c5 Qh2 59.Qe5
Qa2+ 60.Kd6 Qa6 61.Qf5+ Kh8 62.Kd7 Qb5 63.Qf8+ Kh7 64.Qd6 Qa4 65.Kc8 Qg4+ 
66.Kb8 Qb4+ 67.Ka8 Qe4 68.h5 Kg8 69.Qd8+ Kh7 70.Qd7 Kh8 71.Qb7 Qe8+ 72.Qb8
1-0

[Event "34th WCh U20 Girls"]
[Site "Bhubaneswar IND"]
[Date "2016.08.20"]
[Round "12.17"]
[White "Chitlange, Sakshi"]
[Black "Blagojevic, Tijana"]
[Result "1/2-1/2"]
[WhiteElo "2014"]
[BlackElo "2267"]
[EventDate "2016.08.08"]
[PlyCount "218"]

1.d4 d5 2.c4 c6 3.cxd5 cxd5 4.Nc3 Nf6 5.Bf4 Nc6 6.e3 Bg4 7.Qb3 Na5 8.Qa4+ 
Bd7 9.Qc2 e6 10.Bd3 Rc8 11.Nf3 Be7 12.h3 b5 13.a3 O-O 14.O-O a6 15.Ne5 Bc6
16.Rac1 Bd6 17.Rfe1 h6 18.Qe2 Qe7 19.g4 Nd7 20.Bb1 Bxe5 21.dxe5 Rfd8 22.
Qd3 Nf8 23.Re2 Nb3 24.Rce1 d4 25.Ne4 Bxe4 26.Qxb3 Bd5 27.Qb4 Qe8 28.e4 Bb7
29.Rd1 Ng6 30.Bg3 Rc4 31.Qe1 Ne7 32.Red2 Qd7 33.Bh4 g5 34.Bg3 Ng6 35.Rd3 
Qc7 36.b3 Rc5 37.Rxd4 Rxd4 38.Rxd4 Nxe5 39.Bxe5 Qxe5 40.Qd2 Kg7 41.Kg2 Qf4
42.Qb4 Qc1 43.Bd3 Qc3 44.Rd7 Qxb4 45.axb4 Rc3 46.Kf1 Rxb3 47.Ke2 Bc6 48.
Rd6 Be8 49.Rxa6 Rxb4 50.Ra8 Bd7 51.Kd2 Ra4 52.Rd8 Bc6 53.f3 b4 54.Rc8 Ra2+
55.Ke3 Ba4 56.Rb8 b3 57.Rb4 Kf6 58.Bc4 Ke5 59.Bxb3 Bxb3 60.Rxb3 Rh2 61.
Rb5+ Kf6 62.Ra5 Kg6 63.Rb5 Rxh3 64.Kf2 Rh2+ 65.Kg3 Ra2 66.Rc5 Ra3 67.Rb5 
h5 68.gxh5+ Kxh5 69.Rc5 Kg6 70.Rb5 Ra2 71.Rc5 Ra3 72.Rb5 Ra6 73.Rc5 f5 74.
exf5+ exf5 75.Rb5 Rf6 76.Ra5 Kh5 77.Ra8 f4+ 78.Kg2 Rb6 79.Ra2 Kh4 80.Rc2 
Rb3 81.Ra2 Rc3 82.Rb2 Kh5 83.Ra2 Kg6 84.Ra6+ Kh5 85.Ra2 Kh4 86.Rb2 Ra3 87.
Rc2 g4 88.fxg4 Kxg4 89.Rb2 Rg3+ 90.Kf2 Rh3 91.Rb8 Rh2+ 92.Kg1 Rh3 93.Kf2 
Rh2+ 94.Kg1 Ra2 95.Rb3 Re2 96.Kf1 Re8 97.Ra3 Re5 98.Rb3 Rc5 99.Ra3 f3 100.
Ra8 Rc1+ 101.Kf2 Rc2+ 102.Kf1 Rc5 103.Rg8+ Kf4 104.Rf8+ Rf5 105.Rxf5+ Kxf5
106.Kf2 Ke4 107.Kf1 Ke3 108.Ke1 f2+ 109.Kf1 Kf3 1/2-1/2

[Event "34th WCh U20 Girls"]
[Site "Bhubaneswar IND"]
[Date "2016.08.20"]
[Round "12.19"]
[White "Visanescu, Daria-Ioana"]
[Black "Lasya, Goli"]
[Result "0-1"]
[WhiteElo "2067"]
[BlackElo "2084"]
[EventDate "2016.08.08"]
[PlyCount "92"]

1.e4 c5 2.c3 d5 3.exd5 Nf6 4.Bb5+ Nbd7 5.c4 a6 6.Ba4 b5 7.cxb5 Nxd5 8.Nf3 
N5b6 9.Bc2 axb5 10.d4 Bb7 11.O-O e6 12.Nc3 b4 13.dxc5 Nxc5 14.Nb5 Nd5 15.
Bg5 Be7 16.Qd4 O-O 17.Bxe7 Qxe7 18.Rfe1 Rfd8 19.Qg4 Qf6 20.Nbd4 Nf4 21.
Rad1 h5 22.Qg3 Nxg2 23.Qxg2 Rxd4 24.Rxd4 Bxf3 25.Qg3 Qxd4 26.Qxf3 Qg4+ 27.
Qxg4 hxg4 28.Rd1 f5 29.Rd4 Rb8 30.Rc4 Nd7 31.Rc7 Ne5 32.Bb3 Rb6 33.Kg2 Nf3
34.Rd7 Ng5 35.Kg3 Ne4+ 36.Kg2 Kh7 37.Bc2 Ng5 38.Rd4 g6 39.Rd7+ Kh6 40.Rd8 
e5 41.Bb3 e4 42.Kg3 Nh3 43.Rd7 Kg5 44.Re7 Rd6 45.Bc2 Rd2 46.Bxe4 f4+ 0-1

[Event "34th WCh U20 Girls"]
[Site "Bhubaneswar IND"]
[Date "2016.08.20"]
[Round "12.20"]
[White "Hiebler, Laura"]
[Black "Divya Lakshmi, R."]
[Result "0-1"]
[WhiteElo "2110"]
[BlackElo "1864"]
[EventDate "2016.08.08"]
[PlyCount "74"]

1.e4 c5 2.Nf3 d6 3.d4 cxd4 4.Nxd4 Nf6 5.Nc3 a6 6.h3 e6 7.g4 Be7 8.g5 Nfd7 
9.h4 Nc6 10.Be3 Qc7 11.Be2 Nc5 12.Qd2 b5 13.a3 Bb7 14.f3 Rc8 15.Nxc6 Bxc6 
16.Rg1 Rd8 17.O-O-O d5 18.exd5 Bxd5 19.Bd4 Bd6 20.Kb1 Bf4 21.Nxb5 axb5 22.
Bxb5+ Nd7 23.Qe2 O-O 24.h5 Ne5 25.g6 fxg6 26.hxg6 Bxf3 27.gxh7+ Kh8 28.
Bxe5 Bxe2 29.Rxd8 Qxd8 30.Bxg7+ Kxh7 31.Bxe2 Rf5 32.Bd3 Qb6 33.Rg4 Qe3 34.
Bf6 Kh6 35.Bxf5 exf5 36.Rg2 Qe1+ 37.Ka2 Qe6+ 0-1

[Event "34th WCh U20 Girls"]
[Site "Bhubaneswar IND"]
[Date "2016.08.20"]
[Round "12.21"]
[White "Choladze, Mariami"]
[Black "Vantika, Agrawal"]
[Result "0-1"]
[WhiteElo "2077"]
[BlackElo "1974"]
[EventDate "2016.08.08"]
[PlyCount "105"]

1.e4 c5 2.Nf3 e6 3.d4 cxd4 4.Nxd4 Nc6 5.Nc3 Qc7 6.Be2 a6 7.O-O Nf6 8.Be3 
Bb4 9.Na4 Be7 10.Nxc6 bxc6 11.Nb6 Rb8 12.Nxc8 Qxc8 13.Bd4 c5 14.Be5 Rb6 
15.Qd3 d6 16.Bc3 O-O 17.b3 d5 18.exd5 Nxd5 19.Bd2 Rd6 20.Qf3 Rfd8 21.Bd3 
R8d7 22.Rfe1 Nb4 23.Bxb4 cxb4 24.Re4 g6 25.Rae1 Qd8 26.Qg3 Bf6 27.h4 Bc3 
28.R1e3 Rd5 29.Rc4 Kg7 30.a4 bxa3 31.Rxc3 a2 32.Re1 Qa5 33.Ra1 Qxc3 34.
Rxa2 Ra5 35.Rxa5 Qxa5 36.Qb8 Qe1+ 37.Kh2 Qxf2 38.Qe5+ f6 39.Qxe6 Qxh4+ 40.
Kg1 Qd4+ 41.Kh1 a5 42.Qe8 Qa1+ 43.Kh2 Qe5+ 44.Qxe5 fxe5 45.Kg3 Kf6 46.Kf3 
Rxd3+ 47.cxd3 h5 48.Ke4 g5 49.d4 exd4 50.Kxd4 g4 51.g3 Kg5 52.Ke3 h4 53.
Kd4 0-1

[Event "34th WCh U20 Girls"]
[Site "Bhubaneswar IND"]
[Date "2016.08.20"]
[Round "12.22"]
[White "Thomas, Anysia"]
[Black "Kakulidis, Ellen"]
[Result "1-0"]
[WhiteElo "2049"]
[BlackElo "1989"]
[EventDate "2016.08.08"]
[PlyCount "67"]

1.d4 e6 2.c4 Nf6 3.g3 c5 4.d5 exd5 5.cxd5 d6 6.Nc3 g6 7.Bg2 a6 8.a4 Bg7 9.
Nf3 O-O 10.O-O Re8 11.Bf4 Qe7 12.Re1 Nfd7 13.e4 Qf8 14.Qd2 Ra7 15.Rab1 Nb6
16.b3 N8d7 17.a5 Na8 18.Na4 b5 19.axb6 Naxb6 20.Nxb6 Nxb6 21.e5 dxe5 22.
Nxe5 Bf5 23.Rbc1 Rae7 24.Nc6 Rxe1+ 25.Rxe1 Rxe1+ 26.Qxe1 Nd7 27.Ne7+ Kh8 
28.Nxf5 gxf5 29.d6 f6 30.Qe7 Ne5 31.Qc7 Qg8 32.d7 Nxd7 33.Qxd7 Qxb3 34.Bd5
1-0

[Event "34th WCh U20 Girls"]
[Site "Bhubaneswar IND"]
[Date "2016.08.20"]
[Round "12.23"]
[White "Gamage, Nethmi Nirasha"]
[Black "Leonardi, Caterina"]
[Result "0-1"]
[WhiteElo "1559"]
[BlackElo "2061"]
[EventDate "2016.08.08"]
[PlyCount "46"]

1.d4 Nf6 2.c4 g6 3.Nc3 Bg7 4.e4 d6 5.f3 O-O 6.Be3 Na6 7.Qd2 c5 8.d5 e6 9.
a3 exd5 10.cxd5 Nc7 11.Bd3 Rb8 12.b4 Nfxd5 13.Nge2 Nxe3 14.Qxe3 cxb4 15.
axb4 d5 16.Qc1 dxe4 17.Bxe4 Nb5 18.Ra5 Nxc3 19.Nxc3 Qd4 20.Nd5 f5 21.Bb1 
Re8+ 22.Kf1 Be6 23.Ne3 f4 0-1

[Event "34th WCh U20 Girls"]
[Site "Bhubaneswar IND"]
[Date "2016.08.20"]
[Round "12.24"]
[White "Santeramo, Alessia"]
[Black "Omurbekova, Diana"]
[Result "0-1"]
[WhiteElo "2137"]
[BlackElo "1886"]
[EventDate "2016.08.08"]
[PlyCount "108"]

1.e4 g6 2.d4 Bg7 3.Nf3 d6 4.Bc4 c6 5.c3 d5 6.Bb3 Nf6 7.e5 Ng8 8.Bf4 Bg4 9.
Nbd2 h6 10.h3 Bxf3 11.Nxf3 e6 12.Qd2 Ne7 13.h4 Nd7 14.Bc2 Qc7 15.a4 c5 16.
O-O c4 17.Nh2 h5 18.Nf3 a6 19.Rfc1 Rc8 20.Ng5 O-O 21.g4 hxg4 22.Kg2 Nf5 
23.Rh1 Qc6 24.a5 b5 25.h5 gxh5 26.Rxh5 f6 27.Nxe6 Nh4+ 28.Rxh4 Qxe6 29.Bh6
Rf7 30.Rah1 Nf8 31.Rh5 Rcc7 32.Bf5 Qc6 33.Qe2 fxe5 34.Qxg4 exd4 35.Kf1 
dxc3 36.Bf4 Rxf5 37.Rh8+ Kf7 38.Qxf5+ Qf6 39.Rxf8+ Kxf8 40.Qxf6+ Bxf6 41.
Bxc7 cxb2 42.Ke2 c3 43.Kd3 Ke7 44.Kc2 d4 45.Bb6 Kd6 46.f3 Kd5 47.Rh5+ Be5 
48.Rh1 Kc4 49.Bxd4 Bxd4 50.Rh7 b4 51.Rb7 b1=Q+ 52.Kxb1 b3 53.Kc1 Be3+ 54.
Kb1 c2+ 0-1

[Event "34th WCh U20 Girls"]
[Site "Bhubaneswar IND"]
[Date "2016.08.20"]
[Round "12.25"]
[White "Barbier, Astrid"]
[Black "Sapale, Saloni"]
[Result "0-1"]
[WhiteElo "1853"]
[BlackElo "2080"]
[EventDate "2016.08.08"]
[PlyCount "148"]

1.e4 e6 2.d4 d5 3.Nd2 Nf6 4.e5 Nfd7 5.Bd3 c5 6.c3 Nc6 7.Ne2 cxd4 8.cxd4 f6
9.exf6 Nxf6 10.Nf3 Bd6 11.O-O Qc7 12.Bd2 O-O 13.Rc1 Qb6 14.h3 Bd7 15.Be3 
Qxb2 16.Rb1 Qa3 17.Bc1 Qa5 18.Rxb7 Rab8 19.Rxb8 Rxb8 20.Bg5 Qxa2 21.Nh4 
Rf8 22.Ng3 Qb2 23.Bxf6 Rxf6 24.Nh5 Rf7 25.Nf3 Be7 26.Re1 g6 27.Ng3 Bf6 28.
Re2 Qb4 29.Ne5 Nxe5 30.dxe5 Bh4 31.Nf1 Qb6 32.g3 Be7 33.Qa1 Bc5 34.Qa2 Rf3
35.Qc2 Rxd3 36.Qxd3 Bb5 37.Qf3 Bxe2 38.Qxe2 Bd4 39.Qc2 Kg7 40.Kg2 Bxe5 41.
Qc8 Qd6 42.Qb7+ Qc7 43.Qa6 Kf7 44.Nd2 Bf6 45.Nb3 Qb6 46.Qa4 a6 47.Qd7+ Be7
48.Nd2 Qd6 49.Qa7 e5 50.Nf3 h6 51.Qe3 e4 52.Nd2 g5 53.Qd4 Bf6 54.Qa7+ Kg6 
55.Qa8 Qe6 56.Nb3 e3 57.Nc5 Qe7 58.Qg8+ Bg7 59.Qxd5 e2 60.Qd3+ Kf7 61.Qd5+
Kf8 62.Ne6+ Kg8 63.Nxg7+ Kxg7 64.Qd4+ Kf7 65.Qd5+ Qe6 66.Qf3+ Kg8 67.Qa8+ 
Kg7 68.Qb7+ Kg6 69.Qb1+ Kf6 70.Qb2+ Qe5 71.Qb6+ Kf5 72.g4+ Kf4 73.Qb3 Qe4+
74.f3 e1=N+ 0-1

[Event "34th WCh U20 Girls"]
[Site "Bhubaneswar IND"]
[Date "2016.08.20"]
[Round "12.26"]
[White "Albekova, Dilyara"]
[Black "Ayinala, Shree"]
[Result "1-0"]
[WhiteElo "1732"]
[BlackElo "1464"]
[EventDate "2016.08.08"]
[PlyCount "74"]

1.e4 c5 2.Nc3 Nc6 3.f4 g6 4.Nf3 Bg7 5.Bc4 e6 6.d3 Nge7 7.O-O O-O 8.Qe1 d5 
9.Bb3 Na5 10.Bd2 c4 11.Ba4 a6 12.b4 Nac6 13.Bxc6 Nxc6 14.a3 b5 15.e5 Bb7 
16.d4 Ne7 17.g4 Bc8 18.Ne2 f6 19.exf6 Bxf6 20.Ne5 Qc7 21.c3 Nc6 22.Nxc6 
Qxc6 23.g5 Bg7 24.Qh4 Ra7 25.Ng3 Raf7 26.Nh1 Qd7 27.Nf2 Qc6 28.Rae1 Qc7 
29.Ng4 Rf5 30.Rf3 R8f7 31.Rh3 Kf8 32.Be3 Ke7 33.Qxh7 Bxd4 34.Qxg6 Bxe3+ 
35.Nxe3 Qd6 36.Nxf5+ Rxf5 37.Qxf5 Qd8 1-0

[Event "34th WCh U20 Girls"]
[Site "Bhubaneswar IND"]
[Date "2016.08.20"]
[Round "12.27"]
[White "Yanjinlkham, Bayarsaikhan"]
[Black "Minaud, Emily"]
[Result "1-0"]
[WhiteElo "1990"]
[BlackElo "1721"]
[EventDate "2016.08.08"]
[PlyCount "55"]

1.d4 Nf6 2.c4 e6 3.g3 d5 4.Nf3 b6 5.Bg2 Bb7 6.O-O Be7 7.Nbd2 O-O 8.b3 Nbd7
9.Bb2 c6 10.Re1 Ne4 11.Nxe4 dxe4 12.Ne5 f5 13.Qc2 Nxe5 14.dxe5 Qc7 15.Bc3 
g5 16.f3 Bc5+ 17.Kh1 Bf2 18.Red1 e3 19.Rd6 Rfe8 20.Be1 Rad8 21.Bxf2 exf2 
22.Rad1 b5 23.c5 Qa5 24.b4 Qxb4 25.Rxd8 Qe1+ 26.Bf1 Rxd8 27.Rxd8+ Kf7 28.
Rd1 1-0

[Event "34th WCh U20 Girls"]
[Site "Bhubaneswar IND"]
[Date "2016.08.21"]
[Round "13.1"]
[White "Saduakasova, Dinara"]
[Black "Uuriintuya, Uurtsaikh"]
[Result "1/2-1/2"]
[WhiteElo "2423"]
[BlackElo "2199"]
[EventDate "2016.08.08"]
[PlyCount "116"]

1.d4 Nf6 2.c4 g6 3.g3 Bg7 4.Bg2 d6 5.Nc3 O-O 6.Nf3 Nbd7 7.O-O e5 8.e4 c6 
9.Be3 Re8 10.h3 exd4 11.Bxd4 Qa5 12.Nd2 Nc5 13.Nb3 Qb4 14.e5 Nxb3 15.Qxb3 
Qxb3 16.axb3 dxe5 17.Bxa7 Bf5 18.Rfe1 Bd3 19.Be3 e4 20.Rxa8 Rxa8 21.Bd4 
Re8 22.Ra1 Nh5 23.Be3 f5 24.Ra7 Re7 25.Na4 Kf7 26.Nc5 Bxb2 27.Nxb7 Kg7 28.
Nd8 Rxa7 29.Bxa7 Bc2 30.b4 Ba4 31.Bf1 Nf6 32.b5 cxb5 33.cxb5 Nd7 34.Ne6+ 
Kf7 35.Nc5 Bd4 36.Bc4+ Ke7 37.Nxd7 Bxa7 38.b6 Bxd7 39.bxa7 Bc6 40.Kf1 h6 
41.Ke2 Kd6 42.Ke3 Ke5 43.Bb3 g5 44.Bd1 f4+ 45.gxf4+ gxf4+ 46.Ke2 Kd4 47.f3
Kc5 48.fxe4 Bxe4 49.Kf2 Kb6 50.Bf3 Bxf3 51.Kxf3 Kxa7 52.Kxf4 Kb6 53.Kf5 
Kc6 54.Kg6 Kd6 55.Kxh6 Ke6 56.Kg7 Kf5 57.h4 Kg4 58.h5 Kxh5 1/2-1/2